000 02401cam a22005534i 4500
003 PE-LiUPU
005 20250731172841.0
008 160526s2013 ilu rb 001 0 eng
020 _a0830825851
020 _a9780830825851
035 _a(Sirsi) i9780830825851
040 _aPE-LiUPU
_bspa
_cPE-LiUPU
_erda
049 _aPRUA
082 0 0 _a270.82
_bS78
_223
100 1 _aStanley, Brian,
_d1953-,
_eautor.
245 1 4 _aThe global diffusion of evangelicalism :
_bthe age of Billy Graham and John Stott /
_cBrian Stanley.
264 1 _aDowners Grove, Illinois :
_bInterVarsity Press,
_c[2013]
264 4 _c©2013
300 _a283 páginas ;
_c23 centímetros.
336 _atext
_2rdacontent
337 _aunmediated
_2rdamedia
338 _avolume
_2rdacarrier
490 1 _aA history of evangelicalism ;
_vvolume 5
504 _aBibliografía : páginas 249-266.
504 _aÍndice : páginas 267-283.
505 _aEvangelical Christianity in global perspective -- 'Evangelicals', 'conservative evangelicals' and 'fundamentalists' -- Mission, evangelism and revival: the globalization of evangelical networks -- Scholarship, the Bible and preaching -- Defending the faith in a changing cultural climate -- Christian mission and social justice: Lausanne 1974 and the challenge from the majority world -- The ferment of the Spirit: new charismatic and Pentecostal movements -- Hermeneutics, gender and sexual ethics -- Evangelicalism: diffusion or disintegration?
526 _aSEG42
526 _aSEG41
526 _aSEG40
526 _aSEG39
526 _aP94
526 _aP87
526 _aP86
526 _aP85
526 _aP77
526 _aP76
526 _aP35
648 7 _a1900 - 1999
_2fast
650 0 _aEvangelicalismo
_xHistoria
_ySiglo 20.
650 7 _aEvangelicalismo.
655 7 _aHistoria.
910 _ajck
_bebj
_cebj
_d20160525
942 _2ddc
_cBOOK
949 _a270.82 S78
_wDEWEY
_c1
_i73314
_lCCODEBUL1
_mBUL
_p24.00
_r0
_sY
_tBOOK
_u2016-5-25
_xTEOLOGIA
_PP85
_0COMPRA
_o.STAFF. Colección General Teología
994 _aC0
_bPEPRU
596 _a1
999 _a270.82 S78
_wDEWEY
_c9537
_i73314
_e2017-6-14
_f2021-11-11
_g6
_lCCODEBUL1
_mBUL
_n4
_p24.00
_r0
_sY
_tBOOK
_u2016-5-25
_xTEOLOGIA
_PP85
_0COMPRA
_o.STAFF. Colección Teología
_d9537
980 _81
_gALBERTO SANCHEZ Responsable de Automatización